Projekt Európskej leteckej a zbrojnej spoločnosti ako protiváha k americkým producentom
Projekt Európskej leteckej a zbrojnej spoločnosti (European Aerospace and Defence Company - EADC) - snaha o reorganizáciu európskeho leteckého a zbrojného priemyslu. Fúzia francúzskych producentov leteckej a zbrojnej techniky. Zrod Európskej zbrojnej agentúry.
Gespeichert in:
| 1. Verfasser: | |
|---|---|
| Format: | Buchkapitel |
| Sprache: | Slowakisch |
| Schlagworte: | |
| Tags: |
Keine Tags, Fügen Sie das erste Tag hinzu!
|
MARC
| LEADER | 00000naa a2200000 4500 | ||
|---|---|---|---|
| 001 | r033113 | ||
| 005 | 20230921102149.7 | ||
| 041 | 0 | |a slo | |
| 044 | |a SK | ||
| 245 | 1 | 0 | |a Projekt Európskej leteckej a zbrojnej spoločnosti ako protiváha k americkým producentom |c Helena Drobná |
| 520 | |a Projekt Európskej leteckej a zbrojnej spoločnosti (European Aerospace and Defence Company - EADC) - snaha o reorganizáciu európskeho leteckého a zbrojného priemyslu. Fúzia francúzskych producentov leteckej a zbrojnej techniky. Zrod Európskej zbrojnej agentúry. | ||
| 610 | 2 | 0 | |a priemysel letecký |
| 610 | 2 | 0 | |a priemysel zbrojársky |
| 610 | 2 | 0 | |a fúzie |
| 610 | 2 | 0 | |a Európa |
| 610 | 2 | 0 | |a Francúzsko |
| 610 | 2 | 0 | |a Európska letecká a zbrojná spoločnosť |
| 100 | 1 | |a Drobná, Helena | |